A mil besos de profundidad : (Record no. 181940)

MARC details
000 -LEADER
campo de control de longitud fija 00975nam a2200253 i 4500
001 - NÚMERO DE CONTROL
campo de control 181940
003 - IDENTIFICADOR DE NÚMERO DE CONTROL
campo de control ES-MaACL
005 - FECHA Y HORA DE LA ÚLTIMA TRANSACCIÓN
campo de control 20250911062856.0
008 - DATOS DE LONGITUD FIJA--INFORMACIÓN GENERAL
campo de control de longitud fija 130509s2011 sp | |||||||| | spa d
020 ## - NÚMERO INTERNACIONAL ESTÁNDAR DEL LIBRO
Número Internacional Estándar del Libro 978-84-9895-804-1
080 ## - NÚMERO DE LA CLASIFICACIÓN DECIMAL UNIVERSAL
Número de la Clasificación Decimal Universal 821.111(71)-14"19"
100 1# - ENTRADA PRINCIPAL--NOMBRE DE PERSONA
Nombre de persona Cohen, Leonard.
9 (RLIN) 39504
245 10 - MENCIÓN DEL TÍTULO
Título A mil besos de profundidad :
Resto del título canciones y poemas /
Mención de responsabilidad, etc. Leonard Cohen ; traducción de Alberto Manzano.
260 ## - PUBLICACIÓN, DISTRIBUCIÓN, ETC.
Lugar de publicación, distribución, etc. Madrid :
Nombre del editor, distribuidor, etc. Visor Libros,
Fecha de publicación, distribución, etc. D.L. 2011.
300 ## - DESCRIPCIÓN FÍSICA
Extensión 2 v. (251, 185 p.) ;
Dimensiones 20 cm.
490 1# - MENCIÓN DE SERIE
Mención de serie Colección Visor de poesía ;
Designación de volumen o secuencia v. 804-805
505 8# - NOTA DE CONTENIDO CON FORMATO
Nota de contenido con formato Contiene: Canciones y poemas (1956-1978) ; Canciones y poemas (1979-2006)
700 0# - ENTRADA AGREGADA--NOMBRE PERSONAL
Nombre de persona Manzano, Alberto.
9 (RLIN) 76213
830 0# - PUNTO DE ACCESO ADICIONAL DE SERIE-TÍTULO UNIFORME
Título uniforme Colección Visor de poesía
Designación de volumen o secuencia v. 804-805
9 (RLIN) 177331
852 ## - LOCALIZACIÓN
Ubicación ES-MaACL
Número de control de estantería A-12630
itemnumber 188848
Designación de la unidad física v.1
Sublocalización o colección R.148618
Ubicación en estantería Depósito 1
Signatura antigua Olim: N-5631
852 ## - LOCALIZACIÓN
Ubicación ES-MaACL
Número de control de estantería A-12631
itemnumber 200656
Designación de la unidad física v.2
Sublocalización o colección R.148618
Ubicación en estantería Depósito 1
Signatura antigua Olim: N-5632
942 ## - ELEMENTOS DE ENTRADA SECUNDARIOS (KOHA)
Fuente del sistema de clasificación o colocación Clasificación decimal universal
Tipo de ítem Koha Libro impreso
Holdings
Estatus retirado Estado de pérdida Fuente del sistema de clasificación o colocación Estado de daño No para préstamo Biblioteca de origen Biblioteca actual Ubicación en estantería Fecha de adquisición Fuente de adquisición Enumeración/cronología de publicación seriada Total de préstamos Signatura topográfica completa Código de barras Visto por última vez Precio de reemplazo Tipo de ítem Koha
    Clasificación decimal universal     Biblioteca del Ateneo de Madrid Biblioteca del Ateneo de Madrid Depósito 1 09/05/2013 Compra v.1   A-12630 1191200 23/02/2023 23/02/2023 Libro impreso
    Clasificación decimal universal     Biblioteca del Ateneo de Madrid Biblioteca del Ateneo de Madrid Depósito 1 09/05/2013 Compra v.2   A-12631 101205945 19/10/2023 23/02/2023 Libro impreso